[Event "Ogolnopolska Olimpiada Mlodziezy C-12"]
[Site "Spala"]
[Date "1899-12-30"]
[Round "4.13"]
[White "Wegrzyniak, Pawel"]
[Black "Dabrowski, Damian"]
[Result "0-1"]
[WhiteTitle "II+"]
[BlackTitle "II+"]
[WhiteElo "1472"]
[BlackElo "1627"]

1. e4 c5 2. Nf3 Nc6 3. d4 cxd4 4. Nxd4 Nf6 5. Nc3 g6 6. Nxc6 bxc6 7. e5 Ng8 8.
Bc4 Bg7 9. Bf4 f5 10. O-O Qc7 11. Re1 e6 12. Qf3 Rb8 13. Bb3 Nh6 14. Re2 Nf7 15.
Rae1 Ba6 16. Re3 g5 17. Bxg5 Nxg5 18. Qh5+ Nf7 19. f4 Rb4 20. g3 Bf8 21. Rf3 Qb6+
22. Kg2 c5 23. Kh3 Bb7 24. Rf2 c4 25. Rd2 cxb3 26. Rxd7 Kxd7 27. Qxf7+ Be7 28.
Rd1+ Rd4 29. Rxd4+ Qxd4 30. Nb5 Qg1 31. Qxe7+ Kxe7 32. Nd6 Bg2+ 33. Kh4 Qxh2+
34. Kg5 Rg8# 0-1

[Event "Ogolnopolska Olimpiada Mlodziezy C-12"]
[Site "Spala"]
[Date "1899-12-30"]
[Round "4.14"]
[White "Kozlowski, Pawel"]
[Black "Posluszny, Tomasz"]
[Result "1-0"]
[WhiteTitle "II"]
[BlackTitle "II"]
[WhiteElo "1577"]
[BlackElo "1451"]

1. b4 Nf6 2. Bb2 g6 3. Nf3 Bg7 4. e3 O-O 5. Be2 d5 6. O-O Qd6 7. a3 Nbd7 8. c4
c6 9. d4 a5 10. c5 Qc7 11. b5 Ne4 12. b6 Qb8 13. Qc2 f5 14. Nbd2 Bh6 15. Bd3 Ndf6
16. Ne5 Nxd2 17. Qxd2 Nd7 18. f4 Nxe5 19. dxe5 e6 20. Rf3 Bd7 21. Rh3 Bg7 22.
Bc3 a4 23. Bc2 Qd8 24. Qd4 Ra6 25. Be1 h6 26. Qb4 g5 27. Rf3 g4 28. Rf1 Rf7 29.
Bxa4 Bf8 30. Bd1 Qe7 31. Rc1 h5 32. Be2 Ra8 33. g3 Bc8 34. a4 Rg7 35. Kh1 Rh7
36. a5 Kh8 37. Bf2 Kg8 38. Rc2 Qd7 39. Ra1 Qe7 40. Ra4 Kh8 41. Qa3 Qd8 42. Be1
Be7 43. a6 bxa6 44. Bxa6 Qxb6 45. cxb6 Bxa3 46. Rxa3 Rxa6 47. Rxa6 Bxa6 48. Rxc6
Re7 49. Bb4 Bb7 50. Rc1 Rd7 51. Kg1 Kg7 52. Bd6 Kf7 53. Ra1 Bc6 54. Bc7 d4 55.
Bd6 dxe3 56. Re1 Ke8 57. Rxe3 Kd8 58. Rc3 Bb7 59. Kf2 Ke8 60. Ke3 Rh7 61. Kd4
h4 62. gxh4 Rxh4 63. Rc7 Be4 64. b7 Bxb7 65. Rxb7 Rxh2 66. Re7+ Kd8 67. Rxe6 Re2
68. Kd3 Re4 69. Rf6 Rxf4 70. e6 Rf3+ 71. Ke2 Kc8 72. e7 Kd7 73. Rf8 Kxd6 74. e8=Q
f4 75. Qg6+ Kd5 76. Rf5+ Kd4 77. Qd6+ Kc3 78. Rc5+ Kb2 79. Qb6+ Rb3 80. Rb5 Rxb5
81. Qxb5+ Kc3 82. Qe5+ Kb3 83. Qxf4 g3 84. Qxg3+ Kc4 85. Qe5 Kb4 86. Qc7 Kb5 87.
Kd3 Kb4 88. Qc4+ Ka5 89. Qb3 Ka6 90. Qb8 Ka5 91. Qb7 Ka4 92. Kc4 Ka3 93. Qb3#
1-0

[Event "Ogolnopolska Olimpiada Mlodziezy C-12"]
[Site "Spala"]
[Date "1899-12-30"]
[Round "4.15"]
[White "Wierzbicki, Michal"]
[Black "Zolkiewski, Jakub"]
[Result "1-0"]
[WhiteTitle "II"]
[BlackTitle "II"]
[WhiteElo "1438"]
[BlackElo "1504"]

1. d4 d5 2. c4 e6 3. Nc3 c6 4. cxd5 exd5 5. Nf3 Nf6 6. Bg5 Be7 7. Qc2 Be6 8. e3
Nbd7 9. Bd3 h6 10. Bxf6 Bxf6 11. O-O O-O 12. b4 Be7 13. Rab1 Qc7 14. Qb2 Bd6 15.
h3 f5 16. Rfc1 Qd8 17. Ne2 Qe7 18. Nf4 Bxf4 19. exf4 a6 20. a4 Rfc8 21. Re1 Qd6
22. Ne5 Nxe5 23. Rxe5 Rf8 24. Qc2 Qd7 25. Rbe1 Rae8 26. Qe2 Rf6 27. Bxf5 Kf7 28.
Bxe6+ Rexe6 29. Rxe6 Rxe6 30. Qxe6+ Qxe6 31. Rxe6 Kxe6 32. g4 b6 33. Kf1 c5 34.
dxc5 bxc5 35. bxc5 d4 36. c6 Kd6 37. c7 Kxc7 38. h4 Kd6 39. Ke2 g6 40. Kd3 Kc5
41. a5 Kd5 42. f3 Kc5 43. f5 gxf5 44. g5 hxg5 45. hxg5 Kd5 46. f4 Ke6 47. Kxd4
Kd6 48. Kc4 Ke6 49. Kc5 Kd7 50. Kb6 Kd6 51. Kxa6 Kd5 52. Kb6 Ke4 53. g6 Kd5 1-0

[Event "Ogolnopolska Olimpiada Mlodziezy C-12"]
[Site "Spala"]
[Date "1899-12-30"]
[Round "4.16"]
[White "Nowak, Mikolaj"]
[Black "Frydrych, Lukasz"]
[Result "1-0"]
[WhiteTitle "I"]
[BlackTitle "II"]
[WhiteElo "1711"]
[BlackElo "1493"]

1. e4 c6 2. d4 d5 3. f3 dxe4 4. fxe4 e5 5. Nf3 exd4 6. Bc4 Nf6 7. Ng5 Be6 8. Bxe6
fxe6 9. c3 e5 10. Qb3 Qd7 11. cxd4 exd4 12. O-O Na6 13. e5 Nd5 14. Rf7 Ne7 15.
Na3 h6 16. Ne4 O-O-O 17. Nd6+ Kb8 18. Bf4 Ka8 19. e6 Qc7 20. Nac4 b6 21. Qa3 Nc5
22. Re1 a5 23. b4 Nb7 24. Nb5 cxb5 25. Bxc7 bxc4 26. Bxd8 Nxd8 27. Rf4 Nec6 28.
Rxf8 Rxf8 29. e7 Re8 30. exd8=Q+ Rxd8 31. bxa5 Nxa5 32. Qe7 Nc6 33. Qc7 Rb8 34.
Qxc6+ Ka7 35. Qa4+ Kb7 36. Re7+ Kc8 37. Qd7# 1-0

[Event "Ogolnopolska Olimpiada Mlodziezy C-12"]
[Site "Spala"]
[Date "1899-12-30"]
[Round "4.17"]
[White "Wloch, Mikolaj"]
[Black "Pniaczek, Marek"]
[Result "1-0"]
[WhiteTitle "II"]
[BlackTitle "II"]
[WhiteElo "1455"]
[BlackElo "1527"]

1. e4 e5 2. Nf3 Nc6 3. Bc4 Nf6 4. d3 Be7 5. Nc3 O-O 6. O-O d6 7. h3 h6 8. Be3 Na5
9. Bb3 Nxb3 10. axb3 c5 11. Nh2 Nh7 12. f4 exf4 13. Bxf4 Bg5 14. Qf3 f5 15. exf5
Rxf5 16. Qe4 Nf6 17. Bxg5 Rxg5 18. Qf3 d5 19. Rae1 Bd7 20. Rf2 Qc7 21. Nf1 Bc6
22. Qf4 Qxf4 23. Rxf4 d4 24. Ne4 Nxe4 25. dxe4 Rf8 26. Rxf8+ Kxf8 27. Nd2 b5 28.
Ra1 Re5 29. Rxa7 Bxe4 30. Nxe4 Rxe4 31. Kf2 b4 32. Rc7 Re5 33. Kf3 Re1 34. Rxc5
Rb1 35. Rc4 Rxb2 36. Ke4 Rb1 37. Rxd4 Re1+ 38. Kd3 Rg1 39. Rf4+ Ke7 40. Rf2 Kd6
41. Kc4 Re1 42. Kxb4 Re4+ 43. c4 Kc6 44. Rf7 1-0

[Event "Ogolnopolska Olimpiada Mlodziezy C-12"]
[Site "Spala"]
[Date "1899-12-30"]
[Round "4.18"]
[White "Wilk, Radoslaw"]
[Black "Paliwoda, Borys"]
[Result "1/2-1/2"]
[WhiteTitle "II"]
[BlackTitle "II"]
[WhiteElo "1422"]
[BlackElo "1499"]

1. e4 c5 2. Nf3 e6 3. b3 Nc6 4. Bb5 a6 5. Bxc6 bxc6 6. Bb2 d5 7. exd5 cxd5 8. O-O
Nf6 9. d4 Bb7 10. Re1 Bd6 11. Nbd2 O-O 12. Nf1 Rc8 13. h3 c4 14. bxc4 Rxc4 15.
Rb1 Qc7 16. Ne3 Rc6 17. Qd3 Ne4 18. a3 Nc3 19. Bxc3 Rxc3 20. Rxb7 Rxd3 21. Rxc7
Rxe3 22. Rxe3 Bxc7 23. Rc3 Bd6 24. a4 Rb8 25. Kf1 a5 26. Ke2 Kf8 27. Rb3 Rc8 28.
Kd3 Rc4 29. Ne5 Rxa4 30. Rb6 Bxe5 31. dxe5 g6 32. Ra6 Kg7 33. Ra7 Kg8 34. Ra8+
Kg7 35. Ra7 Kg8 36. Ra8+ Kg7 37. Ra7 Kg8 38. Ra8+ Kg7 39. Ra7 1/2-1/2

[Event "Ogolnopolska Olimpiada Mlodziezy C-12"]
[Site "Spala"]
[Date "1899-12-30"]
[Round "4.19"]
[White "Baran, Mateusz"]
[Black "Manka, Mateusz"]
[Result "1-0"]
[WhiteTitle "II"]
[BlackTitle "II"]
[WhiteElo "1377"]
[BlackElo "1460"]

1. e4 c5 2. Nf3 d6 3. d4 cxd4 4. Nxd4 Nf6 5. Nc3 g6 6. f4 Bg7 7. e5 dxe5 8. fxe5
Nd5 9. Bb5+ Kf8 10. Nf3 e6 11. Bc4 Qe8 12. O-O Nxc3 13. bxc3 Nc6 14. Bg5 h6 15.
Qd6+ Kg8 16. Bf6 Bxf6 17. exf6 Kh7 18. Rad1 Na5 19. Qc7 Nxc4 20. Rd8 Bd7 21. Rxe8
Bxe8 22. Qxc4 Bc6 23. Ne5 Rhf8 24. h4 Bd5 25. Qf4 Rac8 26. c4 Bc6 27. Ng4 g5 28.
hxg5 h5 29. g6+ 1-0

[Event "Ogolnopolska Olimpiada Mlodziezy C-12"]
[Site "Spala"]
[Date "1899-12-30"]
[Round "4.20"]
[White "Pijewski, Milosz"]
[Black "Fus, Jakub"]
[Result "1/2-1/2"]
[WhiteTitle "II"]
[BlackTitle "II"]
[WhiteElo "1572"]
[BlackElo "1429"]

1. e4 c5 2. Nf3 e6 3. d4 cxd4 4. Nxd4 a6 5. Bd3 Bc5 6. Nb3 Be7 7. Qe2 d6 8. O-O
Qc7 9. a4 b6 10. Nc3 Bb7 11. Kh1 Nf6 12. f4 Nbd7 13. a5 b5 14. Bd2 Nc5 15. Nxc5
dxc5 16. e5 Nd5 17. Nxd5 Bxd5 18. Be4 Qb7 19. Bxd5 Qxd5 20. Qf3 Qxf3 21. Rxf3
O-O-O 22. Be3 g6 23. Kg1 h5 24. g3 Kb7 25. Kf2 Rd7 26. Ke2 Rhd8 27. Rff1 Kc6 28.
Kf3 Kb7 29. Ke2 Kc6 30. Kf3 Kb7 31. Ke2 Kc6 32. Kf3 Kb7 1/2-1/2

[Event "Ogolnopolska Olimpiada Mlodziezy C-12"]
[Site "Spala"]
[Date "1899-12-30"]
[Round "4.22"]
[White "Twardowski, Hubert"]
[Black "Frank, Mateusz"]
[Result "1-0"]
[WhiteTitle "II"]
[BlackTitle "II"]
[WhiteElo "1450"]
[BlackElo "1329"]

1. e4 e5 2. Nf3 Nc6 3. Bb5 f5 4. d3 d6 5. Nc3 Nf6 6. a3 Be7 7. Bc4 a6 8. Ng5 Rf8
9. Nxh7 Nxh7 10. Qh5+ Kd7 11. Qxh7 fxe4 12. Qh3+ Ke8 13. Qh5+ Kd7 14. Qg4+ Ke8
15. Qg6+ Kd7 16. Be6# 1-0

[Event "Ogolnopolska Olimpiada Mlodziezy C-12"]
[Site "Spala"]
[Date "1899-12-30"]
[Round "4.23"]
[White "Janczak, Dominik"]
[Black "Ciesielski, Maciej"]
[Result "1-0"]
[WhiteTitle "II"]
[BlackTitle "II"]
[WhiteElo "1336"]
[BlackElo "1201"]

1. e4 c5 2. Nc3 e6 3. g3 a6 4. a4 Qc7 5. Bg2 d6 6. d3 b6 7. Nge2 Bb7 8. O-O Nc6
9. Be3 Be7 10. h3 Nf6 11. f4 Rc8 12. g4 e5 13. f5 Nd4 14. Ng3 h6 15. h4 Nd7 16.
g5 hxg5 17. hxg5 Qd8 18. g6 f6 19. Kf2 Nb8 20. Nh5 Bf8 21. Rh1 Ke7 22. Ne2 Rg8
23. c3 Nxe2 24. Qxe2 Qc7 25. Rh3 Nc6 26. Rah1 Na5 27. Ng3 Qc6 28. Qd1 c4 29. dxc4
Nxc4 30. Qb3 Nxe3 31. Kxe3 Qc5+ 32. Ke2 Qc4+ 33. Qxc4 Rxc4 34. Ra1 Bc6 35. a5
bxa5 36. Rxa5 Bb5 37. Kd2 Ke8 38. Bf3 Be7 39. Bd1 Bd8 40. Ra1 a5 41. Bb3 Rc5 42.
Bxg8 Bc6 43. Be6 Rb5 44. Kc2 Be7 45. Rh8+ Bf8 46. b4 axb4 47. Bf7+ Ke7 48. Ra7+
Rb7 49. Rxb7+ Bxb7 50. cxb4 Bc6 51. Kd3 Bb5+ 52. Ke3 Ba6 53. Nh5 1-0

[Event "Ogolnopolska Olimpiada Mlodziezy C-12"]
[Site "Spala"]
[Date "1899-12-30"]
[Round "5.1"]
[White "Teclaf, Pawel"]
[Black "Pacan-milej, Kosma"]
[Result "1-0"]
[WhiteTitle "CM"]
[BlackTitle "II+"]
[WhiteElo "1917"]
[BlackElo "1558"]

1. e4 d6 2. d4 Nf6 3. Nc3 g6 4. f3 c6 5. Be3 b5 6. Qd2 Nbd7 7. O-O-O a6 8. e5 Nd5
9. Nxd5 cxd5 10. exd6 e6 11. Bf4 Qb6 12. h4 Bxd6 13. Bxd6 Qxd6 14. h5 Bb7 15.
hxg6 fxg6 16. Bd3 O-O-O 17. Ne2 Rde8 18. Rde1 Nf8 19. Qf4 Qxf4+ 20. Nxf4 Kd7 21.
c3 Ke7 22. Bc2 Kf6 23. Nd3 Nd7 24. Ne5 Nxe5 25. Rxe5 Bc6 26. Rhe1 Rhf8 27. f4
Bd7 28. Kd2 Kg7 29. g3 a5 30. Bd1 h5 31. Rg5 Rh8 32. Bc2 Rh6 33. Rg1 Kf7 34. Bd3
Rg8 35. Rh1 Kf6 36. Rh4 Rgh8 37. a3 Be8 38. Kc2 Bd7 39. Kb3 Be8 40. Ka2 Bd7 41.
b3 Be8 42. Kb2 Ke7 43. Kc2 Kd6 44. Kd2 Ke7 45. c4 bxc4 46. bxc4 Bf7 47. c5 Rb8
48. Kc3 Kd7 49. g4 Kc7 50. gxh5 gxh5 51. f5 exf5 52. Rxf5 Rf8 53. Rhf4 Rh7 54.
Rf6 Rg7 55. Bg6 Rxg6 56. Rxg6 Bxg6 57. Rxf8 Be4 58. Rh8 Bf3 59. Kd2 Kc6 60. Ke3
1-0

[Event "Ogolnopolska Olimpiada Mlodziezy C-12"]
[Site "Spala"]
[Date "1899-12-30"]
[Round "5.2"]
[White "Lis, Mateusz"]
[Black "Pytel, Maciej"]
[Result "1/2-1/2"]
[WhiteTitle "I"]
[BlackTitle "I"]
[WhiteElo "1846"]
[BlackElo "1646"]

1. e4 c5 2. Nf3 e6 3. d4 cxd4 4. Nxd4 a6 5. Bd3 Nf6 6. O-O d6 7. Qe2 Qc7 8. c4
Nc6 9. Be3 Ne5 10. Nc3 Nxd3 11. Qxd3 Be7 12. f3 O-O 13. Rac1 Nd7 14. Qe2 Ne5 15.
b3 Bd7 16. Rfd1 Nc6 17. Qf2 Rac8 18. Nde2 f5 19. exf5 Rxf5 20. Nd5 exd5 21. cxd5
Qa5 22. dxc6 bxc6 23. Nd4 Rf7 24. a4 c5 25. Ne2 Be6 26. Bd2 Qb6 27. b4 Bb3 28.
bxc5 dxc5 29. Rb1 Qe6 30. Re1 Qc4 31. Rec1 Qd3 32. Nf4 Rxf4 33. Bxf4 Bf6 34. Be3
c4 35. a5 Bc3 36. Rxc3 Qxc3 37. Bd4 Qd3 38. Rc1 Rd8 39. Bc3 Re8 40. Qd4 Qxd4+
41. Bxd4 Kf7 42. Kf2 Re6 43. Bc3 g6 44. Re1 Rxe1 45. Kxe1 Ke6 46. Kf2 Ba4 47.
Ke3 Ke5 48. Ke4+ 1/2-1/2

[Event "Ogolnopolska Olimpiada Mlodziezy C-12"]
[Site "Spala"]
[Date "1899-12-30"]
[Round "5.3"]
[White "Golecki, Jan"]
[Black "Szpar, Milosz"]
[Result "1/2-1/2"]
[WhiteTitle "II"]
[BlackTitle "I"]
[WhiteElo "1555"]
[BlackElo "1798"]

1. e4 e5 2. Nf3 Nc6 3. Bb5 a6 4. Ba4 Nf6 5. d3 d6 6. O-O Be7 7. c3 Bg4 8. h3 Bh5
9. Nbd2 O-O 10. Re1 Re8 11. Nf1 Bf8 12. g4 Bg6 13. Ng3 b5 14. Bc2 Na5 15. a4 c5
16. Nh4 Qc7 17. f4 exf4 18. Bxf4 Rac8 19. axb5 axb5 20. Nhf5 Qb6 21. Kg2 Nb7 22.
g5 Nd7 23. Ne3 Nd8 24. Nd5 Qb7 25. h4 f5 26. gxf6 Nxf6 27. Nxf6+ gxf6 28. h5 Bf7
29. Nf5 Kh8 30. Bxd6 Bxd6 31. Nxd6 Rg8+ 32. Kf2 Qc7 33. Ra6 Nc6 34. Nxf7+ Qxf7
35. Qf3 Ne5 36. Qf5 Rcf8 37. Raa1 Rg5 38. Qf4 Ng4+ 39. Ke2 Qxh5 40. Kd2 Ne5 41.
Kc1 Rg2 42. Ra6 Qg6 43. Rf1 Rg1 44. Qf2 Qg5+ 45. Kb1 Rxf1+ 46. Qxf1 Ng4 47. Qf5
Qxf5 1/2-1/2

[Event "Ogolnopolska Olimpiada Mlodziezy C-12"]
[Site "Spala"]
[Date "1899-12-30"]
[Round "5.4"]
[White "Kawaler, Adam"]
[Black "Poziomkowski, Szymon"]
[Result "1-0"]
[WhiteTitle "I"]
[BlackTitle "II+"]
[WhiteElo "1647"]
[BlackElo "1431"]

1. d4 Nf6 2. Nf3 d5 3. c4 e6 4. e3 Bb4+ 5. Bd2 Bxd2+ 6. Nbxd2 O-O 7. Bd3 b6 8.
Rc1 Ba6 9. O-O Nbd7 10. Qe2 c5 11. Rfd1 Rc8 12. b3 Qe7 13. Nf1 Rc7 14. Ng3 Rfc8
15. cxd5 Bxd3 16. Qxd3 exd5 17. Nf5 Qf8 18. Ne5 cxd4 19. Rxc7 Rxc7 20. exd4 Ne4
21. Ne3 Ndf6 22. f3 Nd6 23. Rd2 Rc1+ 24. Kf2 Rc3 25. Qe2 Qc8 26. Rc2 h6 27. h3
Kf8 28. g4 Kg8 29. Kg2 Nb5 30. Qd2 Rxc2 31. Qxc2 Qxc2+ 32. Nxc2 Kf8 33. a4 Nd6
34. Nc6 a5 35. b4 Nc4 36. bxa5 bxa5 37. Kf2 Nd7 38. Ne3 Ndb6 39. Nxc4 Nxc4 40.
f4 Ke8 41. h4 Kd7 42. Ne5+ Nxe5 43. dxe5 Ke6 44. Ke3 Kd7 45. Kd4 Kc6 46. f5 f6
47. e6 Kd6 48. Ke3 Kc7 49. Kd3 Kc6 50. Kd4 Kd6 51. e7 Kxe7 52. Kxd5 Kd7 53. Kc5
Kc7 54. Kb5 Kd6 55. Kxa5 Ke5 56. Kb5 Kf4 57. a5 Kxg4 58. a6 Kxh4 59. a7 Kg5 60.
a8=Q Kxf5 61. Qf3+ Ke6 62. Qg4+ Kf7 63. Qh5+ g6 64. Qxh6 g5 65. Qh7+ Ke6 66. Qe4+
Kf7 67. Qf5 Kg7 68. Kc6 Kh6 69. Kd5 Kh5 70. Ke4 Kh4 71. Kf3 Kh5 72. Qh7# 1-0

[Event "Ogolnopolska Olimpiada Mlodziezy C-12"]
[Site "Spala"]
[Date "1899-12-30"]
[Round "5.5"]
[White "Mike, Patryk"]
[Black "Kopaczewski, Adam"]
[Result "1/2-1/2"]
[WhiteTitle "II+"]
[BlackTitle "II+"]
[WhiteElo "1463"]
[BlackElo "1575"]

1. e4 e5 2. Nf3 Nc6 3. d4 exd4 4. Nxd4 Bc5 5. Nb3 Bb6 6. Nc3 Nf6 7. Qe2 d6 8. Be3
Be6 9. O-O-O Qe7 10. f3 Ne5 11. Bg5 h6 12. Bh4 g5 13. Bf2 Nh5 14. Bxb6 axb6 15.
Qe3 Nf4 16. g3 Nfg6 17. Be2 Nc4 18. Bxc4 Bxc4 19. Qd4 b5 20. Kb1 O-O 21. Nd5 Bxd5
22. Qxd5 Ra6 23. Qxb5 Rfa8 24. a3 Rb6 25. Qd5 c5 26. Rdf1 Ra4 27. Ka2 Qf6 28.
c3 c4 29. Nc1 Qe7 30. f4 Rba6 31. Rf2 R6a5 32. Qd4 Nf8 33. fxg5 hxg5 34. Qf6 Re5
35. Qxe7 Rxe7 36. Rd1 Ra6 37. Rd4 b5 38. Rd5 Re5 39. Rfd2 Ne6 40. Rxe5 dxe5 41.
Rd5 Rb6 42. Rxe5 Kg7 43. Rd5 Kf6 44. Kb1 Nc7 45. Rd2 Ke5 46. Rd7 Ne6 47. Rxf7
Kxe4 48. Ne2 Ke3 49. Nd4 Nxd4 50. cxd4 Kxd4 51. Rf5 b4 52. axb4 Rh6 53. Rxg5 Rxh2
54. b5 c3 55. bxc3+ Kxc3 56. b6 Rb2+ 57. Kc1 Rxb6 58. Rc5+ Kd3 59. g4 Rg6 60.
g5 Ke4 61. Kd2 Kf4 62. Rc4+ Kxg5 63. Kc2 1/2-1/2

[Event "Ogolnopolska Olimpiada Mlodziezy C-12"]
[Site "Spala"]
[Date "1899-12-30"]
[Round "5.6"]
[White "Pultorak, Jan"]
[Black "Dabrowski, Damian"]
[Result "1-0"]
[WhiteTitle "I"]
[BlackTitle "II+"]
[WhiteElo "1965"]
[BlackElo "1627"]

1. Nf3 Nf6 2. d4 g6 3. c4 c5 4. Nc3 cxd4 5. Nxd4 Nc6 6. e4 d6 7. Be2 Bg7 8. Be3
O-O 9. O-O Bd7 10. Nc2 Rc8 11. Qd2 Ng4 12. Bxg4 Bxg4 13. Rac1 Qd7 14. b3 Be6 15.
Bh6 a6 16. Bxg7 Kxg7 17. Nd5 Rb8 18. Nce3 f6 19. f4 b5 20. cxb5 axb5 21. Rc2 Rfc8
22. Rfc1 Nd8 23. Rc7 Rxc7 24. Rxc7 Qxc7 25. Nxc7 Rc8 26. Nxe6+ Nxe6 27. g3 Nc5
28. Qc3 h5 29. b4 Ra8 30. bxc5 dxc5 31. Qxc5 Kf7 32. Qd5+ Kg7 33. Qxa8 b4 34.
Nd5 b3 35. Nxe7 b2 36. Qg8+ Kh6 37. Qh8# 1-0

[Event "Ogolnopolska Olimpiada Mlodziezy C-12"]
[Site "Spala"]
[Date "1899-12-30"]
[Round "5.7"]
[White "Psyk, Radoslaw"]
[Black "Kozlowski, Pawel"]
[Result "1-0"]
[WhiteTitle "I+"]
[BlackTitle "II"]
[WhiteElo "1845"]
[BlackElo "1577"]

1. e4 e6 2. d4 d5 3. Nd2 Nf6 4. e5 Ng8 5. Bd3 b6 6. c3 Qd7 7. Ne2 Ba6 8. Bxa6 Nxa6
9. O-O h5 10. Nf3 Nh6 11. Bg5 Nf5 12. Qd3 Nb8 13. c4 Nc6 14. cxd5 Qxd5 15. Nf4
Qd7 16. Qe4 Be7 17. Rac1 Bxg5 18. Nxg5 Nfe7 19. Qf3 Nd5 20. Nxd5 exd5 21. e6 fxe6
22. Nxe6 Nxd4 23. Nxd4 O-O-O 24. Nc6 Rdf8 25. Qxd5 Qxd5 26. Ne7+ Kb7 27. Nxd5
c6 28. Ne7 Rf6 29. Rfd1 Rhf8 30. Rd7+ Ka6 31. Nxc6 Re8 32. Rxa7+ Kb5 33. a4# 1-0

[Event "Ogolnopolska Olimpiada Mlodziezy C-12"]
[Site "Spala"]
[Date "1899-12-30"]
[Round "5.8"]
[White "Szczurek, Krzysztof"]
[Black "Wierzbicki, Michal"]
[Result "0-1"]
[WhiteTitle "I"]
[BlackTitle "II"]
[WhiteElo "1775"]
[BlackElo "1438"]

1. d4 d5 2. c4 e6 3. Nc3 Nf6 4. Nf3 c6 5. Bg5 Nbd7 6. e3 Qa5 7. Nd2 Bb4 8. Qc2
O-O 9. Be2 c5 10. dxc5 Qxc5 11. O-O Bxc3 12. bxc3 dxc4 13. Bxf6 Nxf6 14. Bxc4
b6 15. Be2 Bb7 16. e4 Rac8 17. Rac1 Rc7 18. Kh1 Rfc8 19. c4 b5 20. f3 bxc4 21.
Nxc4 Ba6 22. Qd2 Qe7 23. e5 Nd5 24. Qd4 Qb4 25. Rb1 Qa4 26. Rfc1 g6 27. Bd1 Rxc4
28. Qd2 Rxc1 29. Rxc1 Rxc1 30. Qxc1 Qc4 0-1

[Event "Ogolnopolska Olimpiada Mlodziezy C-12"]
[Site "Spala"]
[Date "1899-12-30"]
[Round "5.9"]
[White "Strzelecki, Maciej"]
[Black "Kokoszczynski, Jan"]
[Result "0-1"]
[WhiteTitle "II"]
[BlackTitle "I"]
[WhiteElo "1526"]
[BlackElo "1715"]

1. e4 e6 2. d4 d5 3. Nc3 Bb4 4. e5 c5 5. a3 Bxc3+ 6. bxc3 Qa5 7. Bd2 Qa4 8. Rb1
c4 9. Qc1 Nc6 10. f4 Nge7 11. Nf3 b6 12. g4 Bd7 13. Bg2 O-O-O 14. O-O Rdf8 15.
Be1 f6 16. Bg3 h5 17. h3 Be8 18. exf6 gxf6 19. Re1 Bf7 20. Bh4 hxg4 21. hxg4 Bg8
22. g5 Nf5 23. Bf2 Nd8 24. gxf6 Rxf6 25. Ne5 Qe8 26. Qd1 Bf7 27. a4 Bh5 28. Qd2
Nb7 29. Kf1 Rg8 30. Nf3 Rxg2 31. Kxg2 Bxf3+ 32. Kxf3 Qh5+ 33. Kg2 Rg6+ 34. Kf1
Qh1+ 35. Ke2 Qh5+ 36. Kf1 Nbd6 37. Rb4 Qh3+ 38. Ke2 Ne4 39. Qc1 Qh5+ 40. Kf1 Qh3+
41. Ke2 Qg4+ 42. Kf1 Qg2+ 43. Ke2 Qxf2+ 0-1

[Event "Ogolnopolska Olimpiada Mlodziezy C-12"]
[Site "Spala"]
[Date "1899-12-30"]
[Round "5.10"]
[White "Kosakowski, Jakub"]
[Black "Wloch, Mikolaj"]
[Result "1-0"]
[WhiteTitle "I+"]
[BlackTitle "II"]
[WhiteElo "1953"]
[BlackElo "1455"]

1. e4 c5 2. Nf3 Nc6 3. d4 cxd4 4. Nxd4 Nf6 5. Nc3 d6 6. Bg5 e6 7. Qd2 a6 8. O-O-O
h6 9. Nxc6 bxc6 10. Bh4 e5 11. Bc4 Be6 12. Bxe6 fxe6 13. Qd3 g5 14. Bg3 Nh5 15.
Bxe5 dxe5 16. Qf3 Qf6 17. Qxh5+ Qf7 18. Qxf7+ Kxf7 19. Rd7+ Be7 20. Rhd1 Rhc8
21. Rb7 Rd8 22. Rxd8 Rxd8 23. Ra7 Rc8 24. Rxa6 Bc5 25. Nd1 Kf6 26. c3 g4 27. b4
Be7 28. Ra7 Bd6 29. Rd7 Bb8 30. a4 Rc7 31. Rxc7 Bxc7 32. Ne3 Kg5 33. g3 h5 34.
Kd2 Kf6 35. Kd3 Ke7 36. Kc4 Kd6 37. Kb3 c5 38. Nc4+ Kc6 39. b5+ Kb7 40. a5 Bd8
41. Ka4 Bc7 42. b6 1-0

[Event "Ogolnopolska Olimpiada Mlodziezy C-12"]
[Site "Spala"]
[Date "1899-12-30"]
[Round "5.11"]
[White "Ochowicz, Jakub"]
[Black "Polczyk, Mikolaj"]
[Result "0-1"]
[WhiteTitle "II"]
[BlackTitle "II+"]
[WhiteElo "1713"]
[BlackElo "1594"]

1. d4 Nf6 2. g3 c5 3. c3 cxd4 4. cxd4 d5 5. Bg2 Nc6 6. Nc3 Bf5 7. Nf3 e6 8. a3
Bd6 9. O-O a6 10. b4 b5 11. Bb2 O-O 12. e3 Nd7 13. Qe2 Nb6 14. Nd2 Nc4 15. Ra2
Bxb4 16. Nxc4 bxc4 17. axb4 Bd3 18. Qg4 Bxf1 19. Bxf1 Nxb4 20. Ra1 Qd7 21. Na4
Rfb8 22. Nc5 Qc6 23. Bc3 a5 24. e4 a4 25. Bxc4 Nc2 26. Ra2 Rb1+ 27. Kg2 Ne1+ 28.
Kh3 h6 29. Re2 Rc1 30. Bd2 h5 31. Qxh5 Rxc4 32. Rxe1 Rxd4 33. Be3 Rc4 34. Nd3
e5 35. Nxe5 Qe6+ 36. Ng4 dxe4 37. Bf4 a3 38. Be5 Ra5 39. Rb1 Rc8 40. Rb7 a2 41.
Qg5 Rxe5 42. Re7 Rxg5 43. Rxe6 fxe6 0-1

[Event "Ogolnopolska Olimpiada Mlodziezy C-12"]
[Site "Spala"]
[Date "1899-12-30"]
[Round "5.12"]
[White "Baran, Mateusz"]
[Black "Nowak, Mikolaj"]
[Result "0-1"]
[WhiteTitle "II"]
[BlackTitle "I"]
[WhiteElo "1377"]
[BlackElo "1711"]

1. e4 c6 2. Ne2 d5 3. e5 Bf5 4. Ng3 Bg6 5. h4 h6 6. h5 Bh7 7. e6 Qd6 8. exf7+ Kxf7
9. d4 e5 10. Bd3 Bxd3 11. Qxd3 e4 12. Qe2 Nf6 13. O-O Nbd7 14. Nf5 Qe6 15. Ne3
Bd6 16. f3 Rae8 17. Nc3 exf3 18. Qxf3 Rhf8 19. Bd2 Kg8 20. Nf5 Ne4 21. Nxe4 dxe4
22. Qg4 Rxf5 23. Qxf5 e3 24. Rae1 e2 25. Rxe2 Qxe2 26. Qf7+ Kh8 27. Qxd7 Bg3 28.
Qf7 Qe4 29. Bxh6 Qxd4+ 30. Kh1 Qh4+ 31. Kg1 Qh2# 0-1

[Event "Ogolnopolska Olimpiada Mlodziezy C-12"]
[Site "Spala"]
[Date "1899-12-30"]
[Round "5.13"]
[White "Gozdzicki, Maciej"]
[Black "Mis, Mieszko"]
[Result "0-1"]
[WhiteTitle "II"]
[BlackTitle "I"]
[WhiteElo "1373"]
[BlackElo "1619"]

1. d4 Nf6 2. c4 g6 3. Nc3 Bg7 4. e4 d6 5. f3 O-O 6. Be3 Nc6 7. g4 a6 8. Qd2 Rb8
9. O-O-O e5 10. d5 Nd4 11. Nce2 Nxe2+ 12. Nxe2 b5 13. Ng3 b4 14. h4 Nd7 15. h5
Nc5 16. hxg6 fxg6 17. Bh6 Qf6 18. Bxg7 Qxg7 19. Be2 Qf7 20. Kb1 Qf4 21. Qe1 Bd7
22. Qg1 a5 23. Nf5 Qg5 24. Qh2 Kf7 25. Qxh7+ Ke8 26. Rh6 gxf5 27. gxf5 Qg8 28.
Qg6+ Qxg6 29. Rxg6 Kf7 30. Rdg1 Rg8 31. b3 Rxg6 32. Rxg6 Rg8 33. Rxg8 Kxg8 34.
Kc2 Kg7 35. Kd2 Kf6 36. Ke3 Kg5 37. Bd1 a4 38. Bc2 Be8 39. Bd1 Nxb3 40. Bxb3 axb3
41. axb3 Bh5 42. Kf2 Kf4 43. f6 Kg5 44. Ke3 Kxf6 45. f4 exf4+ 46. Kxf4 Bd1 47.
e5+ dxe5+ 48. Ke4 Bxb3 49. c5 Bxd5+ 0-1

[Event "Ogolnopolska Olimpiada Mlodziezy C-12"]
[Site "Spala"]
[Date "1899-12-30"]
[Round "5.14"]
[White "Zolkiewski, Jakub"]
[Black "Wilk, Radoslaw"]
[Result "1/2-1/2"]
[WhiteTitle "II"]
[BlackTitle "II"]
[WhiteElo "1504"]
[BlackElo "1422"]

1. d4 d5 2. c4 e5 3. dxe5 d4 4. Nf3 Nc6 5. g3 Nge7 6. Na3 Ng6 7. Nc2 Ngxe5 8. Ncxd4
Bg4 9. Nxe5 Bb4+ 10. Bd2 Qxd4 11. Nxc6 Bxd2+ 12. Qxd2 Qxd2+ 13. Kxd2 bxc6 14.
Bg2 O-O-O 15. Ke1 c5 16. f3 Be6 17. b3 Rd6 18. Rd1 Rhd8 19. Rxd6 Rxd6 20. e3 Ra6
21. Rf1 Rxa2 22. Rf2 Ra1+ 23. Kd2 Kb7 24. Kc3 Ra6 25. f4+ Kb6 26. Rd2 c6 27. e4
g6 28. h3 h5 29. Rd6 Ra2 30. Rd2 Rxd2 31. Kxd2 Ka5 32. Kc3 Bd7 33. e5 Bf5 34.
h4 Bd7 35. Be4 a6 36. Bf3 Kb6 37. Be4 Bg4 38. Kb2 a5 39. Kc3 Bh3 40. Bf3 Bf5 41.
Bg2 Bg4 42. Be4 Be6 1/2-1/2

[Event "Ogolnopolska Olimpiada Mlodziezy C-12"]
[Site "Spala"]
[Date "1899-12-30"]
[Round "5.15"]
[White "Paliwoda, Borys"]
[Black "Twardowski, Hubert"]
[Result "1/2-1/2"]
[WhiteTitle "II"]
[BlackTitle "II"]
[WhiteElo "1499"]
[BlackElo "1450"]

1. e4 e5 2. Nf3 Nc6 3. d4 exd4 4. Nxd4 Nf6 5. Nc3 Bb4 6. f3 d6 7. Bc4 Nxd4 8. Qxd4
Bc5 9. Qd3 a6 10. Be3 Bxe3 11. Qxe3 Qe7 12. O-O Be6 13. Bd3 O-O 14. Rae1 Nd7 15.
f4 f6 16. Qf3 c6 17. a3 Rae8 18. Qg3 Qf7 19. b3 f5 20. exf5 Bxf5 21. Ne4 Bxe4
22. Rxe4 Nc5 23. Rxe8 Rxe8 24. f5 Nxd3 25. Qxd3 Qf6 26. c4 Qe5 27. Rd1 Qe3+ 28.
Qxe3 Rxe3 29. Rxd6 Rxb3 30. Rd7 b5 31. cxb5 axb5 32. Rc7 Rc3 33. g3 c5 34. Kg2
c4 35. Rc5 Rb3 36. a4 bxa4 37. Rxc4 a3 38. Ra4 Rb2+ 39. Kh3 a2 40. Ra7 h5 41.
Kh4 Rxh2+ 42. Kg5 1/2-1/2